|
|
|
|
| LEADER |
03681nam a22003973i 4500 |
| 001 |
EBC7101420 |
| 003 |
MiAaPQ |
| 005 |
20240729202204.0 |
| 006 |
m o d | |
| 007 |
cr cnu|||||||| |
| 008 |
240729s2016 xx o ||||0 ger d |
| 020 |
|
|
|a 9783428575091
|q (electronic bk.)
|
| 020 |
|
|
|z 9783428175093
|
| 035 |
|
|
|a (MiAaPQ)EBC7101420
|
| 035 |
|
|
|a (Au-PeEL)EBL7101420
|
| 035 |
|
|
|a (OCoLC)1347028802
|
| 040 |
|
|
|a MiAaPQ
|b eng
|e rda
|e pn
|c MiAaPQ
|d MiAaPQ
|
| 100 |
1 |
|
|a Lotz, Walther.
|
| 245 |
1 |
0 |
|a Finanzsteuern, Zwecksteuern und Zweckzuwendungen Von Steuererträgen :
|b Eine Finanztheoretische und Finanzpolitische Studie. Finanzwissenschaftliche Untersuchungen, Zweiter Teil. Hrsg. Von Walther Lotz. (Schriften des Vereins Für Sozialpolitik 174-II).
|
| 250 |
|
|
|a 1st ed.
|
| 264 |
|
1 |
|a Berlin :
|b Duncker & Humblot,
|c 2016.
|
| 264 |
|
4 |
|c {copy}1928.
|
| 300 |
|
|
|a 1 online resource (93 pages)
|
| 336 |
|
|
|a text
|b txt
|2 rdacontent
|
| 337 |
|
|
|a computer
|b c
|2 rdamedia
|
| 338 |
|
|
|a online resource
|b cr
|2 rdacarrier
|
| 490 |
1 |
|
|a Duncker and Humblot Reprints Series
|
| 505 |
0 |
|
|a Intro -- Vorwort -- Inhaltsverzeichnis -- I. Finanzsteuern und Zwecksteuern -- A. Die Finanzzwecksteuern (Finanzsteuern) -- B. Die Zwecksteuern anderer Art (Zwecksteuern i. e. S.) -- 1. Die reinen Zwecksteuern -- 2. Die „eingebauten" Zwecksteuern -- II. Die Zweckzuwendung von Steuererträgen -- A. Die Zweckzuwendungen im öffentlichen Haushalt überhaupt -- (Dotationen, Subventionen an öffentliche oder private Wirtschaften) -- B. Die Zweckzuwendung von Steuererträgen insbesondere -- a) Die Zweckzuwendung des Gesamtertrages -- b) Die zweckgebundenen Zuschläge -- c) Die Zweckzuwendung von Ertragsteilen -- d) Die Zweckzuwendung von Ertragsteilen in absoluten oder relativen Zahlen -- C. Die Verbreitung der Zweckzuwendung von Steuererträgen in den einzelnen Ländern -- a) Deutsches Reich -- b) Deutsch-Österreich -- c) Frankreich -- d) Die Schweiz -- e) Sowjetrußland -- f) Übrige Länder -- D. Die Zweckzuwendung bei den einzelnen Steuerformen -- 1. Die Kraftfahrzeugsteuer -- 2. Die Getränkesteuern -- 3. Die Rennwettsteuer -- 4. Die Wohnungsabgaben (insbesondere die „Hauszinssteuer") -- 5. Die Wasserkraftsteuer -- E. Die Sicherung des Verwendungszweckes -- F. Die Beurteilung der Zweckzuwendung von Steuererträgen -- a) Das direkte Verfahren -- b) Das indirekte Verfahren -- Anlagen -- Vorbemerkungen -- I. Die Zweckzuwendungen in der Reichssteuergesetzgebung und im Reichshaushaltplan von 1918-1926 -- 1. Branntweinmonopol -- 2. Biersteuer -- 3. Tabaksteuer -- 4. Weinsteuer -- 5. Zölle -- 6. Geldentwertungsausgleich bei bebauten Grundstücken (Hauszinssteuer) -- II. Beispiele für die Sicherung des Verwendungszwecks -- 1. Das schweizerische Alkoholzehntel -- A. Gesetzliche Grundlagen -- B. Bericht des Kantons Zürich über die Verwendung des Alkoholzehntels für 1924 -- 2. Das „Weinsteuer-Drittel -- 3. Die „preußische Hauszinssteuer.
|
| 588 |
|
|
|a Description based on publisher supplied metadata and other sources.
|
| 590 |
|
|
|a Electronic reproduction. Ann Arbor, Michigan : ProQuest Ebook Central, 2024. Available via World Wide Web. Access may be limited to ProQuest Ebook Central affiliated libraries.
|
| 655 |
|
4 |
|a Electronic books.
|
| 700 |
1 |
|
|a Bräuer, Karl.
|
| 776 |
0 |
8 |
|i Print version:
|a Lotz, Walther
|t Finanzsteuern, Zwecksteuern und Zweckzuwendungen Von Steuererträgen
|d Berlin : Duncker & Humblot,c2016
|z 9783428175093
|
| 797 |
2 |
|
|a ProQuest (Firm)
|
| 830 |
|
0 |
|a Duncker and Humblot Reprints Series
|
| 856 |
4 |
0 |
|u https://ebookcentral.proquest.com/lib/matrademy/detail.action?docID=7101420
|z Click to View
|